| 000 | 00455cam a22001457a 4500 | ||
|---|---|---|---|
| 008 | 180718b2000 xxu||||| |||| 00| 0 eng d | ||
| 020 | _a041520738X | ||
| 082 | _aYA51 L962 | ||
| 100 | _aLucas, J.R. | ||
| 245 |
_aThe conceptual roots of mathematics: an essay on the philosophy of mathematics _cby J.R. Lucas |
||
| 260 |
_aLondon _bRoutledge _c2000 |
||
| 300 | _a452p. | ||
| 440 | _aInternational library of philosophy | ||
| 650 | _aMathematics - Philosophy | ||
| 999 |
_c391715 _d391715 |
||